[Event "HUN-chT2 Maroczy 1819"]
[Site "Hungary"]
[Date "2019.02.24"]
[Round "8.8"]
[White "Kahn, Evarth"]
[Black "Kovacs, Istvan"]
[Result "1-0"]
[WhiteElo "2231"]
[BlackElo "2115"]
[PlyCount "67"]
[EventDate "2018.09.23"]
[EventType "team-tourn"]
[EventRounds "11"]
[EventCountry "HUN"]
[SourceTitle "EXT 2020"]
[Source "ChessBase"]
[SourceDate "2019.10.17"]
[SourceVersion "1"]
[SourceVersionDate "2019.10.17"]
[SourceQuality "1"]
[WhiteTeam "Szigetszentmiklos"]
[BlackTeam "Dunaharaszti II"]
[WhiteTeamCountry "HUN"]
[BlackTeamCountry "HUN"]

1. e4 c5 2. Nf3 e6 3. c4 Nc6 4. b3 e5 5. Nc3 d6 6. h3 g6 7. d3 Bg7 8. Bg5 f6 9. Be3 Nge7 10. Nd5 Be6 11. Qd2 Bxd5 12. cxd5 Nd4 13. Be2 0-0 14. 0-0 Nxf3+ 15. Bxf3 f5 16. Bg5 Bf6 17. Bxf6 Rxf6 18. b4 b6 19. a4 Rc8 20. Rfc1 Rf8 21. a5 Kg7 22. axb6 axb6 23. Ra6 Ng8 24. bxc5 dxc5 25. Qb2 fxe4 26. dxe4 Qg5 27. Rc3 Nf6 28. Rxb6 Rf7 29. Rb5 Rfc7 30. Qc2 h5 31. Rbxc5 Rxc5 32. Rxc5 Rxc5 33. Qxc5 Qd2 34. Qe7+ 1-0

[Event "HUN-chT2 Maroczy 1819"]
[Site "Hungary"]
[Date "2018.09.23"]
[Round "1.10"]
[White "Miszler, Levente"]
[Black "Kovacs, Istvan"]
[Result "1/2-1/2"]
[WhiteElo "2021"]
[BlackElo "2115"]
[PlyCount "61"]
[EventDate "2018.09.23"]
[EventType "team-tourn"]
[EventRounds "11"]
[EventCountry "HUN"]
[SourceTitle "EXT 2020"]
[Source "ChessBase"]
[SourceDate "2019.10.17"]
[SourceVersion "1"]
[SourceVersionDate "2019.10.17"]
[SourceQuality "1"]
[WhiteTeam "Toth Laszlo"]
[BlackTeam "Dunaharaszti II"]
[WhiteTeamCountry "HUN"]
[BlackTeamCountry "HUN"]

1. Nf3 c5 2. c4 Nc6 3. g3 g6 4. Bg2 Bg7 5. 0-0 e5 6. Nc3 Nge7 7. d3 0-0 8. Rb1 d6 9. a3 a5 10. Ne1 Be6 11. Nc2 Rb8 12. b4 axb4 13. axb4 b6 14. bxc5 bxc5 15. Nb5 Qd7 16. Bd2 h6 17. f4 Kh7 18. e4 Rb6 19. Be3 f5 20. Qd2 Rfb8 21. Rbe1 Ra6 22. h4 h5 23. Rb1 Ra2 24. Nc3 Rab2 25. Nb5 Rxb1 26. Rxb1 fxe4 27. Bxe4 Nf5 28. Qg2 Na7 29. Bd2 Nxb5 30. Bc6 Qe7 31. Rxb5 1/2-1/2

[Event "Budapest FS07 FM"]
[Site "Budapest"]
[Date "2016.07.05"]
[Round "4"]
[White "Steenstrup, Svend"]
[Black "Kovacs, Istvan"]
[Result "0-1"]
[WhiteElo "1951"]
[BlackElo "2151"]
[PlyCount "44"]
[EventDate "2016.07.02"]
[EventType "tourn"]
[EventRounds "10"]
[EventCountry "HUN"]
[SourceTitle "CBM 173 Extra"]
[Source "ChessBase"]
[SourceDate "2016.08.29"]
[SourceVersion "1"]
[SourceVersionDate "2016.08.29"]
[SourceQuality "1"]

1. e4 c5 2. Nc3 a6 3. a4 Nc6 4. f4 e6 5. Nf3 d5 6. d3 dxe4 7. dxe4 Qxd1+ 8. Nxd1 Nf6 9. e5 Nd5 10. c3 Na5 11. g3 Nb3 12. Rb1 Bd7 13. c4 Nb4 14. Nc3 Bc6 15. Kf2 0-0-0 16. Be2 Nd3+ 17. Bxd3 Rxd3 18. Be3 Nd4 19. Nd5 exd5 20. Bxd4 cxd4 21. Ng5 dxc4 22. Rhc1 Bd5 0-1

[Event "HUN-chT2 Maroczy 1516"]
[Site "Hungary"]
[Date "2016.04.03"]
[Round "8.5"]
[White "Kovacs, Istvan"]
[Black "Eperjesi, Laszlo"]
[Result "1/2-1/2"]
[WhiteElo "2156"]
[BlackElo "2187"]
[PlyCount "32"]
[EventDate "2015.10.18"]
[EventType "team-tourn"]
[EventRounds "9"]
[EventCountry "HUN"]
[SourceTitle "EXT 2017"]
[Source "ChessBase"]
[SourceDate "2016.10.25"]
[SourceVersion "1"]
[SourceVersionDate "2016.10.25"]
[SourceQuality "1"]
[WhiteTeam "Dunaharaszti II"]
[BlackTeam "Vasas"]
[WhiteTeamCountry "HUN"]
[BlackTeamCountry "HUN"]

1. Nf3 d5 2. c4 e6 3. d4 Nf6 4. Nc3 c5 5. cxd5 Nxd5 6. e4 Nxc3 7. bxc3 cxd4 8. cxd4 Bb4+ 9. Bd2 Bxd2+ 10. Qxd2 0-0 11. Bc4 Nd7 12. 0-0 b6 13. Rfe1 Bb7 14. Rad1 Rc8 15. Bb3 b5 16. Qf4 Qc7 1/2-1/2

[Event "HUN-chT2 Maroczy 1516"]
[Site "Hungary"]
[Date "2016.02.28"]
[Round "6.4"]
[White "Istvanovszky, Kalman"]
[Black "Kovacs, Istvan"]
[Result "1-0"]
[WhiteElo "2313"]
[BlackElo "2156"]
[PlyCount "53"]
[EventDate "2015.10.18"]
[EventType "team-tourn"]
[EventRounds "9"]
[EventCountry "HUN"]
[SourceTitle "EXT 2017"]
[Source "ChessBase"]
[SourceDate "2016.10.25"]
[SourceVersion "1"]
[SourceVersionDate "2016.10.25"]
[SourceQuality "1"]
[WhiteTeam "Penzugyor"]
[BlackTeam "Dunaharaszti II"]
[WhiteTeamCountry "HUN"]
[BlackTeamCountry "HUN"]

1. e4 c5 2. b3 b6 3. Bb2 Bb7 4. d3 e6 5. Qe2 Nf6 6. e5 Nd5 7. Nf3 Nf4 8. Qe3 Ng6 9. Nbd2 Nc6 10. Ne4 Qb8 11. Ng3 Nb4 12. 0-0-0 Nxa2+ 13. Kb1 Nb4 14. d4 Be7 15. h4 h5 16. Ne4 Qc7 17. Bb5 Nxc2 18. Qe2 Nxd4 19. Nxd4 cxd4 20. Bxd4 Bd5 21. Bb2 a6 22. Rxd5 exd5 23. Nd6+ Kf8 24. Rc1 Qa7 25. Bd3 b5 26. Bxg6 Bxd6 27. Qf3 1-0

[Event "HUN-chT4a 1516"]
[Site "Hungary"]
[Date "2016.02.06"]
[Round "6.18"]
[White "Kovacs, Istvan"]
[Black "Farkas, Milan"]
[Result "0-1"]
[WhiteElo "2191"]
[BlackElo "1419"]
[PlyCount "60"]
[EventDate "2015.10.17"]
[EventType "team-tourn"]
[EventRounds "8"]
[EventCountry "HUN"]
[SourceTitle "EXT 2019"]
[Source "ChessBase"]
[SourceDate "2018.10.10"]
[SourceVersion "1"]
[SourceVersionDate "2018.10.10"]
[SourceQuality "1"]

1. e4 e6 2. Nf3 d5 3. exd5 exd5 4. d4 Nf6 5. Be2 Be7 6. 0-0 0-0 7. Nc3 Nc6 8. Re1 Bg4 9. Bf4 Re8 10. Nb5 Rc8 11. Ne5 Bxe2 12. Rxe2 Nxe5 13. dxe5 Ne4 14. Nxa7 Ra8 15. Nb5 c6 16. Nd4 f6 17. e6 Bc5 18. Nb3 Ba7 19. Kf1 Qc8 20. f3 Nc5 21. e7 Ne6 22. Bd6 Qd7 23. Ba3 c5 24. c4 d4 25. Re4 Rxe7 26. Qd3 Rae8 27. Rae1 b6 28. g3 Ng5 29. Rxe7 Rxe7 30. f4 Qh3+ 0-1

[Event "HUN-chT2 Barcza 1415"]
[Site "Hungary"]
[Date "2014.12.14"]
[Round "?"]
[White "Toth, Tibor"]
[Black "Kovacs, Istvan"]
[Result "1/2-1/2"]
[WhiteElo "1781"]
[BlackElo "1966"]
[PlyCount "28"]
[EventDate "2014.09.07"]
[EventType "team-tourn"]
[EventRounds "11"]
[EventCountry "HUN"]
[SourceTitle "EXT 2016"]
[Source "ChessBase"]
[SourceDate "2015.10.08"]
[SourceVersion "1"]
[SourceVersionDate "2015.10.08"]
[SourceQuality "1"]
[WhiteTeam "Piremon"]
[BlackTeam "Debrecen Sakkiskola"]
[WhiteTeamCountry "HUN"]
[BlackTeamCountry "HUN"]

1. d4 Nf6 2. c4 e6 3. Nc3 d5 4. Nf3 c6 5. Bg5 Nbd7 6. e3 Bd6 7. Bd3 0-0 8. 0-0 Re8 9. e4 dxe4 10. Nxe4 Be7 11. Ne5 Nxe4 12. Bxe7 Qxe7 13. Bxe4 Nf6 14. Qe2 Nxe4 1/2-1/2

[Event "HUN-chT2 Breyer 1415"]
[Site "Hungary"]
[Date "2014.09.21"]
[Round "?"]
[White "Fekete, Laszlo"]
[Black "Kovacs, Istvan"]
[Result "1/2-1/2"]
[WhiteElo "1803"]
[BlackElo "1903"]
[PlyCount "27"]
[EventDate "2014.09.07"]
[EventType "team-tourn"]
[EventRounds "11"]
[EventCountry "HUN"]
[SourceTitle "EXT 2016"]
[Source "ChessBase"]
[SourceDate "2015.10.08"]
[SourceVersion "1"]
[SourceVersionDate "2015.10.08"]
[SourceQuality "1"]
[WhiteTeam "Szechenyi"]
[BlackTeam "Szazhalombatta"]
[WhiteTeamCountry "HUN"]
[BlackTeamCountry "HUN"]

1. e4 c6 2. Nf3 d5 3. exd5 cxd5 4. Bb5+ Bd7 5. Bxd7+ Nxd7 6. d4 e6 7. 0-0 Bd6 8. Re1 h6 9. Ne5 Ngf6 10. Qf3 0-0 11. Qg3 Kh7 12. Qd3+ Kg8 13. Qg3 Kh7 14. Qd3+ 1/2-1/2

[Event "Budapest Sarkany IM 5th"]
[Site "Budapest"]
[Date "2014.08.24"]
[Round "9"]
[White "Musaev, Rasul"]
[Black "Kovacs, Istvan"]
[Result "1/2-1/2"]
[WhiteElo "2292"]
[BlackElo "2209"]
[PlyCount "24"]
[EventDate "2014.08.16"]
[EventType "tourn"]
[EventRounds "9"]
[EventCountry "HUN"]
[EventCategory "2"]
[SourceTitle "CBM 161 Extra"]
[Source "ChessBase"]
[SourceDate "2014.08.29"]
[SourceVersion "1"]
[SourceVersionDate "2014.08.29"]
[SourceQuality "1"]

1. Nf3 Nf6 2. g3 g6 3. Bg2 Bg7 4. 0-0 0-0 5. d3 c5 6. Nbd2 d5 7. c4 Nc6 8. a3 d4 9. Rb1 a5 10. Ne4 Nxe4 11. dxe4 e5 12. Ne1 Be6 1/2-1/2

[Event "Budapest Sarkany IM 5th"]
[Site "Budapest"]
[Date "2014.08.16"]
[Round "1"]
[White "Kovacs, Istvan"]
[Black "Farago, Sandor"]
[Result "0-1"]
[WhiteElo "2209"]
[BlackElo "2250"]
[PlyCount "74"]
[EventDate "2014.08.16"]
[EventType "tourn"]
[EventRounds "9"]
[EventCountry "HUN"]
[EventCategory "2"]
[SourceTitle "CBM 161 Extra"]
[Source "ChessBase"]
[SourceDate "2014.08.29"]
[SourceVersion "1"]
[SourceVersionDate "2014.08.29"]
[SourceQuality "1"]

1. c4 Nf6 2. g3 c6 3. Bg2 d5 4. Nf3 dxc4 5. 0-0 Nbd7 6. Qc2 Nb6 7. Na3 Be6 8. Ng5 Bg4 9. Nxc4 Bxe2 10. Ne5 Bh5 11. b4 Rc8 12. Qb3 Nbd5 13. b5 e6 14. Qa4 Bc5 15. bxc6 bxc6 16. Bb2 h6 17. Ngf3 Bxf3 18. Bxf3 0-0 19. Rac1 Qb6 20. Ba1 Qb5 21. Qc2 Ba3 22. Rb1 Qa6 23. d4 c5 24. dxc5 Rxc5 25. Qd2 Qc8 26. Qd3 Bb4 27. Bd4 Rc7 28. Nxf7 Rcxf7 29. Bxf6 Rxf6 30. Bxd5 Bc5 31. Be4 Rxf2 32. Rxf2 Rxf2 33. Kh1 Bb6 34. a4 Qe8 35. Qd6 Qf7 36. Bg2 Qf5 37. Re1 Rxg2 0-1

[Event "HUN-chT2 Erkel 1314"]
[Site "Hungary"]
[Date "2014.04.27"]
[Round "11.4"]
[White "Kovacs, Istvan"]
[Black "Toth, Levente"]
[Result "1/2-1/2"]
[WhiteElo "2201"]
[BlackElo "2050"]
[PlyCount "52"]
[EventDate "2013.09.08"]
[EventType "team-tourn"]
[EventRounds "11"]
[EventCountry "HUN"]
[SourceTitle "EXT 2016"]
[Source "ChessBase"]
[SourceDate "2015.10.08"]
[SourceVersion "1"]
[SourceVersionDate "2015.10.08"]
[SourceQuality "1"]
[WhiteTeam "Dunaharaszti II"]
[BlackTeam "Gyongyos Matra"]
[WhiteTeamCountry "HUN"]
[BlackTeamCountry "HUN"]

1. c4 c5 2. Nc3 g6 3. Nf3 Bg7 4. d4 cxd4 5. Nxd4 Nc6 6. Nc2 Bxc3+ 7. bxc3 Nf6 8. Bh6 Qa5 9. Qd2 Ne4 10. Qd3 Nc5 11. Qg3 Ne4 12. Qd3 Nc5 13. Qe3 Ne5 14. Nb4 f6 15. Nd5 Ne6 16. Qe4 Kf7 17. Bd2 Nc5 18. Qh4 Nb3 19. Rd1 Qxa2 20. e4 Nxd2 21. Rxd2 Qb3 22. f4 Nxc4 23. Bxc4 Qxc4 24. e5 Qa6 25. Rf1 Rg8 26. exf6 exf6 1/2-1/2